000 00654nam a22001815i 4500
001 48580
003 ES-MaACL
005 20230906161757.0
007 t|
008 940202s1875 sp ||||1| spa d
040 _aAS
_bspa
100 1 _aDesiré Dugour, José.
_943883
245 1 0 _aApuntes para la historia de Sta. Cruz de Tenerife desde su fundación hasta nuestros tiempos /
_cpor José Desiré Dugour.
260 _aSanta Cruz de Tenerife :
_b[s.n.],
_c1875 (
_fImprenta, Libreria y Encuadernación de J. Benítez y Compañia)
300 _aVI, 308 p. ;
_c23 cm.
651 4 _aSanta Cruz de Tenerife-
_xHistoria.
_99364
852 _aES-MaACL
_jD-395
999 _c48580
_d48580